| 000 | 00618nam a22001937a 4500 | ||
|---|---|---|---|
| 003 | OSt | ||
| 005 | 20250701053124.0 | ||
| 008 | 250630b |||||||| |||| 00| 0 eng d | ||
| 020 | _a978-971-23-7998-7. | ||
| 040 |
_aDWCL - Main lib _cOC |
||
| 082 | _aFil. 332.7 D377 2016 | ||
| 100 | _aDe Leon, Hector S. | ||
| 245 |
_aThe law on negotiable instruments (with documents of title)/ _cHector S. De Leon |
||
| 260 |
_a Manila : _b Rex Book Store, _c c2016. |
||
| 300 |
_axviii, 397 pages ; _c22 cm/ |
||
| 650 | _a1. Negotiable instruments - Law | ||
| 700 | _aHector M. De Leon Jr. | ||
| 942 |
_2ddc _cBK - FIL _kFil. _n0 |
||
| 999 |
_c3307 _d3307 |
||